Normal view MARC view

Entry Término temático

Number of records used in: 1

001 - NÚMERO DE CONTROL

  • campo de control: 28431

003 - IDENTIFICADOR DEL NÚMERO DE CONTROL

  • campo de control: FranzMayer

005 - FECHA Y HORA DE LA ÚLTIMA TRANSACCIÓN

  • campo de control: 20220707143818.0

008 - DATOS DE LONGITUD FIJA

  • campo de control de longitud fija: 220707|| aca||aabn | a|a d

040 ## - FUENTE DE LA CATALOGACIÓN

  • Centro catalogador/agencia de origen: FranzMayer
  • Centro/agencia transcriptor: FranzMayer

150 ## - ENCABEZAMIENTO--TÉRMINO DE MATERIA

  • Término de materia o nombre geográfico como elemento de entrada: Escritorio
  • Subdivisión general: Bargueño
  • Subdivisión general: Historia
  • Subdivisión geográfica: España

670 ## - FUENTE DE DATOS ENCONTRADOS

  • Cita de la fuente: Work cat.: (FranzMayer)10812: Aguiló Alonso, María Paz‏ 1946- autor 28430, Escritorios y bargueños españoles = Spanish bargueños and writing chests / , 2018